[Event "Mecklenburg VP LL2 Ost 1516"]
[Site "Mecklenburg VP"]
[Date "2016.03.13"]
[Round "7.5"]
[White "Hollender, Dirk"]
[Black "Springer, Guido"]
[Result "0-1"]
[WhiteElo "1679"]
[BlackElo "1743"]
[PlyCount "56"]
[EventDate "2015.09.20"]
[EventType "team-tourn"]
[EventRounds "9"]
[EventCountry "GER"]
[SourceTitle "EXT 2022"]
[Source "ChessBase"]
[SourceDate "2021.10.06"]
[SourceVersion "1"]
[SourceVersionDate "2021.10.06"]
[SourceQuality "1"]
[WhiteTeam "Neubrandenburg SG Eintracht III"]
[BlackTeam "Gryps SV"]
[WhiteTeamCountry "GER"]
[BlackTeamCountry "GER"]

1. e4 e5 2. Nf3 Nc6 3. Bb5 Nf6 4. 0-0 Nxe4 5. Re1 Nd6 6. Bxc6 dxc6 7. Nxe5 Be7 8. Qe2 Be6 9. Nc3 Nf5 10. d3 Nd4 11. Qd1 Bf6 12. Bf4 h5 13. Ne4 g5 14. Nxf6+ Qxf6 15. Bd2 0-0-0 16. c3 Nf5 17. b4 Nh4 18. Qc1 Rhg8 19. Qa3 a6 20. c4 g4 21. b5 cxb5 22. cxb5 Nf3+ 23. Nxf3 gxf3 24. Qb4 Rd4 25. Bc3 Rxg2+ 26. Kh1 Rxh2+ 27. Kxh2 Qh4+ 28. Kg1 Qg4+ 0-1

[Event "Mecklenburg VP LL2 Ost 1314"]
[Site "Mecklenburg VP"]
[Date "2014.03.16"]
[Round "7.8"]
[White "Springer, Guido"]
[Black "Hoerhold, Martin"]
[Result "0-1"]
[WhiteElo "1762"]
[BlackElo "1538"]
[PlyCount "58"]
[EventDate "2013.10.27"]
[EventType "team-tourn"]
[EventRounds "9"]
[EventCountry "GER"]
[SourceTitle "EXT 2022"]
[Source "ChessBase"]
[SourceDate "2021.10.06"]
[SourceVersion "1"]
[SourceVersionDate "2021.10.06"]
[SourceQuality "1"]
[WhiteTeam "Gryps SV"]
[BlackTeam "Neubrandenburg SG Eintracht"]
[WhiteTeamCountry "GER"]
[BlackTeamCountry "GER"]

1. d4 d6 2. Nf3 g6 3. c4 Nf6 4. Nc3 Bg7 5. e4 0-0 6. h3 c5 7. Be3 cxd4 8. Nxd4 Nc6 9. Qd2 Bd7 10. Be2 Rc8 11. 0-0 Ne5 12. b3 Qa5 13. Nd5 Qxd2 14. Nxe7+ Kh8 15. Bxd2 Rce8 16. Nd5 Nxe4 17. Be3 Nc6 18. Rad1 f5 19. Bf3 f4 20. Nxf4 Nxd4 21. Bxd4 Rxf4 22. Bxa7 Bc6 23. Bxe4 Rfxe4 24. Rxd6 Ra8 25. f3 Ree8 26. Bf2 Rxa2 27. Rb1 Bf8 28. Rdd1 Ree2 29. Rf1 Bc5 0-1

[Event "Mecklenburg VP LL2 Ost 1213"]
[Site "Mecklenburg VP"]
[Date "2012.11.11"]
[Round "2.8"]
[White "Springer, Guido"]
[Black "Wuttke, Reiner"]
[Result "1-0"]
[WhiteElo "1687"]
[BlackElo "1534"]
[PlyCount "49"]
[EventDate "2012.10.14"]
[EventType "team-tourn"]
[EventRounds "9"]
[EventCountry "GER"]
[SourceTitle "EXT 2022"]
[Source "ChessBase"]
[SourceDate "2021.10.06"]
[SourceVersion "1"]
[SourceVersionDate "2021.10.06"]
[SourceQuality "1"]
[WhiteTeam "Gryps SV"]
[BlackTeam "Waren ESV"]
[WhiteTeamCountry "GER"]
[BlackTeamCountry "GER"]

1. e4 e5 2. Nf3 Nc6 3. Nc3 d6 4. d4 Bd7 5. Bc4 h6 6. dxe5 dxe5 7. Be3 Nf6 8. Qd2 Bb4 9. 0-0-0 Bg4 10. Qxd8+ Nxd8 11. Nd5 Nxd5 12. Rxd5 f6 13. Nh4 Bd6 14. Ng6 Rh7 15. Rxd6 cxd6 16. Bg8 Nc6 17. Bxh7 Bh5 18. Nh4 Ne7 19. Nf5 Nxf5 20. Bxf5 Bf7 21. Rd1 Ke7 22. Rd3 Be8 23. Rc3 Bc6 24. Ra3 a6 25. Bb6 1-0

[Event "Mecklenburg VP LL2 Ost 1112"]
[Site "Mecklenburg VP"]
[Date "2011.10.23"]
[Round "2.7"]
[White "Springer, Guido"]
[Black "Schwetlick, Thomas"]
[Result "1/2-1/2"]
[WhiteElo "1750"]
[BlackElo "1825"]
[PlyCount "81"]
[EventDate "2011.10.02"]
[EventType "team-tourn"]
[EventRounds "9"]
[EventCountry "GER"]
[SourceTitle "EXT 2022"]
[Source "ChessBase"]
[SourceDate "2021.10.06"]
[SourceVersion "1"]
[SourceVersionDate "2021.10.06"]
[SourceQuality "1"]
[WhiteTeam "Gryps SV"]
[BlackTeam "Rostock HSG Uni"]
[WhiteTeamCountry "GER"]
[BlackTeamCountry "GER"]

1. e4 e5 2. Nf3 Nc6 3. Nc3 Nf6 4. Bb5 Bb4 5. 0-0 0-0 6. d3 d6 7. Bg5 Bxc3 8. bxc3 Qe7 9. Re1 Nd8 10. d4 Ne6 11. Bc1 c5 12. Bf1 Rd8 13. Ba3 Qc7 14. g3 b5 15. Bc1 cxd4 16. cxd4 Bb7 17. d5 Nc5 18. Bd3 Rac8 19. Bg5 a6 20. Bxf6 gxf6 21. Nh4 Kh8 22. Nf5 Rg8 23. Qd2 Rg6 24. h4 Rcg8 25. Kh2 Bc8 26. Ne3 Qd7 27. Nf5 Qd8 28. Ne3 Qf8 29. Rg1 Qh6 30. Rad1 Qf8 31. Nf1 Bg4 32. Re1 Qc8 33. f4 Nxd3 34. cxd3 f5 35. fxe5 dxe5 36. exf5 Qxf5 37. Ne3 Qf6 38. Ref1 Qe7 39. Nxg4 Rxg4 40. Rf3 Rd4 41. Rgf1 1/2-1/2

[Event "Mecklenburg VP LL2 Ost 1112"]
[Site "Mecklenburg VP"]
[Date "2011.10.02"]
[Round "1.7"]
[White "Pochop, Bert"]
[Black "Springer, Guido"]
[Result "1/2-1/2"]
[WhiteElo "1773"]
[BlackElo "1750"]
[PlyCount "116"]
[EventDate "2011.10.02"]
[EventType "team-tourn"]
[EventRounds "9"]
[EventCountry "GER"]
[SourceTitle "EXT 2022"]
[Source "ChessBase"]
[SourceDate "2021.10.06"]
[SourceVersion "1"]
[SourceVersionDate "2021.10.06"]
[SourceQuality "1"]
[WhiteTeam "Wolgast Motor"]
[BlackTeam "Gryps SV"]
[WhiteTeamCountry "GER"]
[BlackTeamCountry "GER"]

1. d4 Nf6 2. c4 c5 3. e3 e6 4. Bd3 Nc6 5. Ne2 Nb4 6. 0-0 Nxd3 7. Qxd3 Be7 8. b3 d5 9. cxd5 cxd4 10. dxe6 Bxe6 11. exd4 0-0 12. Nd2 Nd5 13. Bb2 Qd7 14. Ne4 Bf5 15. N2g3 Bg6 16. a3 b6 17. Qd2 f5 18. Nc3 f4 19. Nge4 Nxc3 20. Nxc3 f3 21. gxf3 Rxf3 22. Rae1 Bd6 23. Qg5 Raf8 24. Re3 Bf4 25. Re7 Qxd4 26. Qd5+ Qxd5 27. Nxd5 Bxh2+ 28. Kg2 Rxb3 29. Rxg7+ Kh8 30. Rxg6+ Rxb2 31. Ne7 hxg6 32. Nxg6+ Kg7 33. Nxf8 Kxf8 34. Kxh2 Ra2 35. Kg3 Kf7 36. Kf4 Kf6 37. f3 Rxa3 38. Rc1 Ra4+ 39. Ke3 Ke5 40. Rh1 Ra3+ 41. Ke2 a5 42. Rh5+ Kd4 43. Rb5 a4 44. Rxb6 Ra2+ 45. Kd1 Kc3 46. Rc6+ Kb3 47. Rb6+ Ka3 48. Rb8 Rf2 49. Rb1 Ka2 50. Rb8 Rxf3 51. Kc2 Rb3 52. Ra8 a3 53. Ra7 Rb6 54. Kc3 Rb8 55. Ra6 Rh8 56. Ra7 Rh2 57. Ra8 Rh3+ 58. Kc2 Ka1 1/2-1/2

[Event "Mecklenburg VP VL 1011"]
[Site "Mecklenburg VP"]
[Date "2011.04.10"]
[Round "9.4"]
[White "Springer, Guido"]
[Black "Wolke, Heiko"]
[Result "1/2-1/2"]
[WhiteElo "1796"]
[BlackElo "1914"]
[PlyCount "100"]
[EventDate "2010.10.10"]
[EventType "team-tourn"]
[EventRounds "9"]
[EventCountry "GER"]
[SourceTitle "EXT 2022"]
[Source "ChessBase"]
[SourceDate "2021.10.06"]
[SourceVersion "1"]
[SourceVersionDate "2021.10.06"]
[SourceQuality "1"]
[WhiteTeam "Gryps SV"]
[BlackTeam "Warnemuende SF Ostsee"]
[WhiteTeamCountry "GER"]
[BlackTeamCountry "GER"]

1. d4 c5 2. d5 e6 3. c4 exd5 4. cxd5 d6 5. Nc3 Be7 6. e4 f5 7. Bb5+ Bd7 8. exf5 Nf6 9. Nf3 0-0 10. Bd3 Qc8 11. 0-0 Bxf5 12. Re1 Re8 13. Bf4 a6 14. a4 Bg4 15. Ne4 Nxe4 16. Bxe4 Nd7 17. h3 Bh5 18. Bf5 Qd8 19. Qd3 Nf8 20. Re2 Bf6 21. Rae1 Rxe2 22. Rxe2 Bg6 23. b3 b5 24. Bxg6 Nxg6 25. Bg3 bxa4 26. bxa4 Qb6 27. Re6 Rd8 28. Qe3 Nf8 29. Re8 Kf7 30. Rxd8 Qxd8 31. Qf4 Ke7 32. Ng5 Qd7 33. Qe4+ Kd8 34. Nxh7 Nxh7 35. Qxh7 Qxa4 36. Qg8+ Kc7 37. Qa8 Qb5 38. Qa7+ Kd8 39. Bxd6 c4 40. Qc7+ Ke8 41. Qc8+ Kf7 42. Qe6+ Kg6 43. g4 Qb1+ 44. Kg2 c3 45. h4 c2 46. Qf5+ Kf7 47. g5 c1Q 48. g6+ Ke8 49. Qe6+ Kd8 50. Qg8+ Kd7 1/2-1/2

[Event "Mecklenburg VP VL 1011"]
[Site "Mecklenburg VP"]
[Date "2011.01.16"]
[Round "5.2"]
[White "Wolf, Christoph"]
[Black "Springer, Guido"]
[Result "1-0"]
[WhiteElo "1983"]
[BlackElo "1796"]
[PlyCount "59"]
[EventDate "2010.10.10"]
[EventType "team-tourn"]
[EventRounds "9"]
[EventCountry "GER"]
[SourceTitle "EXT 2022"]
[Source "ChessBase"]
[SourceDate "2021.10.06"]
[SourceVersion "1"]
[SourceVersionDate "2021.10.06"]
[SourceQuality "1"]
[WhiteTeam "Neukloster II"]
[BlackTeam "Gryps SV"]
[WhiteTeamCountry "GER"]
[BlackTeamCountry "GER"]

1. c4 Nf6 2. Nc3 g6 3. d4 Bg7 4. e4 d6 5. Bg5 h6 6. Be3 0-0 7. f3 e5 8. d5 Nbd7 9. Qd2 Kh7 10. Bd3 Ne8 11. Nge2 f5 12. exf5 gxf5 13. 0-0-0 Qf6 14. g4 Nc5 15. Bb1 Kh8 16. g5 hxg5 17. Bxg5 Qf7 18. Bh6 f4 19. Bxg7+ Nxg7 20. b4 Nd7 21. Ne4 Nf6 22. N2c3 Bf5 23. Rdg1 Nxe4 24. Nxe4 Bxe4 25. Bxe4 Nf5 26. Qg2 Qh7 27. Qg6 Rf7 28. Qe6 Raf8 29. Rg5 Nd4 30. Qg4 1-0

[Event "Mecklenburg VP VL 1011"]
[Site "Mecklenburg VP"]
[Date "2010.10.10"]
[Round "1.4"]
[White "Valet, Richard"]
[Black "Springer, Guido"]
[Result "1-0"]
[WhiteElo "2026"]
[BlackElo "1796"]
[PlyCount "41"]
[EventDate "2010.10.10"]
[EventType "team-tourn"]
[EventRounds "9"]
[EventCountry "GER"]
[SourceTitle "EXT 2022"]
[Source "ChessBase"]
[SourceDate "2021.10.06"]
[SourceVersion "1"]
[SourceVersionDate "2021.10.06"]
[SourceQuality "1"]
[WhiteTeam "Greifswald II"]
[BlackTeam "Gryps SV"]
[WhiteTeamCountry "GER"]
[BlackTeamCountry "GER"]

1. e4 e5 2. Nf3 Nf6 3. Nxe5 d6 4. Nf3 Nxe4 5. d4 d5 6. Bd3 Be7 7. 0-0 0-0 8. c4 c6 9. Re1 f5 10. Qb3 Bf6 11. Nc3 Nxc3 12. bxc3 Kh8 13. Ba3 dxc4 14. Bxc4 Re8 15. Rxe8+ Qxe8 16. Re1 Qd7 17. Ne5 Bxe5 18. Rxe5 h6 19. Re7 Qd8 20. Bf7 Kh7 21. Bg6+ 1-0

[Event "Mecklenburg VP LL 0809"]
[Site "Mecklenburg VP"]
[Date "2009.03.01"]
[Round "7.2"]
[White "Ruesch, Hans Joachim"]
[Black "Springer, Guido"]
[Result "1/2-1/2"]
[WhiteElo "2022"]
[BlackElo "1751"]
[PlyCount "86"]
[EventDate "2008.10.05"]
[EventType "team-tourn"]
[EventRounds "9"]
[EventCountry "GER"]
[SourceTitle "EXT 2022"]
[Source "ChessBase"]
[SourceDate "2021.10.06"]
[SourceVersion "1"]
[SourceVersionDate "2021.10.06"]
[SourceQuality "1"]
[WhiteTeam "Warnemuende SF Ostsee"]
[BlackTeam "Gryps SV"]
[WhiteTeamCountry "GER"]
[BlackTeamCountry "GER"]

1. d4 Nf6 2. Nf3 e6 3. c4 b6 4. g3 Ba6 5. b3 Bb4+ 6. Bd2 Be7 7. Nc3 Bb7 8. Bg2 d5 9. Ne5 Na6 10. 0-0 0-0 11. Bg5 Ne4 12. Bxe7 Qxe7 13. Nxe4 dxe4 14. Qc2 f6 15. Ng4 c5 16. dxc5 Nxc5 17. b4 Nd7 18. Ne3 f5 19. Qc3 Rac8 20. f4 Nf6 21. Qb3 Kh8 22. Rfd1 Rfd8 23. h3 h5 24. h4 Rxd1+ 25. Rxd1 Rd8 26. a3 Rxd1+ 27. Qxd1 Qd7 28. Qxd7 Nxd7 29. Kf2 g6 30. Nc2 Kg7 31. Ke3 Kf6 32. Kd4 Ba6 33. Bf1 e5+ 34. Kd5 exf4 35. gxf4 Ke7 36. c5 Bb7+ 37. Kc4 a6 38. a4 bxc5 39. bxc5 Nf6 40. Nd4 Kd7 41. Nc2 Bc6 42. a5 Nd5 43. e3 Nxf4 1/2-1/2

[Event "Mecklenburg VP LL 0809"]
[Site "Mecklenburg VP"]
[Date "2009.02.01"]
[Round "6.2"]
[White "Springer, Guido"]
[Black "Van Bentum, Horst"]
[Result "0-1"]
[WhiteElo "1751"]
[BlackElo "2013"]
[PlyCount "52"]
[EventDate "2008.10.05"]
[EventType "team-tourn"]
[EventRounds "9"]
[EventCountry "GER"]
[SourceTitle "EXT 2022"]
[Source "ChessBase"]
[SourceDate "2021.10.06"]
[SourceVersion "1"]
[SourceVersionDate "2021.10.06"]
[SourceQuality "1"]
[WhiteTeam "Gryps SV"]
[BlackTeam "Rostock HSG Uni"]
[WhiteTeamCountry "GER"]
[BlackTeamCountry "GER"]

1. e4 e5 2. Nf3 Nc6 3. Bc4 Bc5 4. c3 Nf6 5. d3 d6 6. b4 Bb6 7. a4 a5 8. b5 Nb8 9. Nbd2 Nbd7 10. 0-0 0-0 11. Re1 Ng4 12. d4 Qf6 13. Nf1 exd4 14. cxd4 Nde5 15. dxe5 Nxe5 16. Bxf7+ Rxf7 17. Be3 Bg4 18. N1d2 Bxe3 19. Rxe3 Raf8 20. Rc1 Qe7 21. Qb3 Bxf3 22. Nxf3 Nxf3+ 23. Rxf3 Qxe4 24. Kf1 d5 25. Re3 Rxf2+ 26. Ke1 Rf1+ 0-1

[Event "Berlin Unicorn op"]
[Site "Berlin"]
[Date "2008.05.01"]
[Round "2"]
[White "Springer, Guido"]
[Black "Dauth, Benjamin"]
[Result "0-1"]
[WhiteElo "1963"]
[BlackElo "2280"]
[PlyCount "50"]
[EventDate "2008.04.30"]
[EventType "swiss"]
[EventRounds "7"]
[EventCountry "GER"]
[SourceTitle "CBM 124 Extra"]
[Source "ChessBase"]
[SourceDate "2008.07.03"]
[SourceVersion "1"]
[SourceVersionDate "2008.07.03"]
[SourceQuality "1"]

1. e4 e5 2. Nf3 Nc6 3. Bc4 Nf6 4. d3 h6 5. a4 d6 6. c3 g6 7. Nbd2 Bg7 8. 0-0 0-0 9. Re1 d5 10. exd5 Nxd5 11. Ne4 f5 12. Ng3 Kh7 13. d4 exd4 14. cxd4 Nb6 15. d5 Nb4 16. Qb3 N4xd5 17. Rd1 c6 18. a5 Nxc4 19. Qxc4 Qf6 20. Nd4 Nc7 21. Bf4 Ne6 22. Nge2 g5 23. Bd6 Nxd4 24. Nxd4 Qxd6 25. Nxf5 Qe6 0-1

[Event "Berlin Unicorn op"]
[Site "Berlin"]
[Date "2007.05.20"]
[Round "7"]
[White "Springer, Guido"]
[Black "Mirke, Roy"]
[Result "1/2-1/2"]
[WhiteElo "1963"]
[BlackElo "1744"]
[PlyCount "155"]
[EventDate "2007.05.16"]
[EventType "swiss"]
[EventRounds "7"]
[EventCountry "GER"]
[SourceTitle "CBM 118 Extra"]
[Source "ChessBase"]
[SourceDate "2007.07.04"]
[SourceVersion "1"]
[SourceVersionDate "2007.07.04"]
[SourceQuality "1"]

1. Nc3 c5 2. g3 e6 3. Bg2 Nc6 4. Nf3 a6 5. 0-0 Nf6 6. d4 cxd4 7. Nxd4 Qc7 8. Bg5 Be7 9. e4 0-0 10. Be3 d6 11. a4 Bd7 12. a5 Nxa5 13. Qe2 Nc6 14. Nb3 Ne5 15. Rfd1 Nc4 16. Bc1 Rfd8 17. Nd4 Ne5 18. f4 Nc6 19. Nb3 Rac8 20. Be3 Nb8 21. h3 Bc6 22. Qf2 Nfd7 23. Na5 Bf6 24. Nc4 Be7 25. Nb6 Nxb6 26. Bxb6 Qd7 27. Bxd8 Rxd8 28. Rd2 Qc7 29. Rad1 d5 30. exd5 Bxd5 31. Nxd5 exd5 32. Rxd5 Rxd5 33. Rxd5 Nd7 34. Qd2 Nf6 35. Rd3 g6 36. Kh2 Qb6 37. Rb3 Qc5 38. Rxb7 Bf8 39. Bf3 h5 40. Kg2 Kg7 41. Qf2 Qd6 42. Rb6 Qd7 43. Rxa6 Qb5 44. Qb6 Qf5 45. Qc6 h4 46. Bg4 Nxg4 47. hxg4 Qxg4 48. Qc3+ Kg8 49. Qd3 hxg3 50. Qf3 Qc8 51. Rc6 Qb8 52. b3 Qe8 53. Kxg3 Qe1+ 54. Qf2 Qe4 55. Rc4 Qf5 56. Qd4 Qe6 57. Qe4 Qb6 58. Qd4 Qe6 59. Qf2 Qf5 60. Qd2 Qb5 61. Rc8 Qb6 62. Qf2 Qe6 63. Qc5 Qe1+ 64. Kf3 Qf1+ 65. Ke4 Qe2+ 66. Qe3 Qb5 67. Qc3 Qf5+ 68. Kf3 Qh3+ 69. Ke2 Qg4+ 70. Ke3 Qg3+ 71. Ke4 Qg2+ 72. Qf3 Qd2 73. Rxf8+ Kxf8 74. Qd3 Qg2+ 75. Ke5 Qb7 76. Qd6+ Kg8 77. Kf6 Qc8 78. Qd3 1/2-1/2